| 000 | 01624nam0a2200361 4500 | ||
|---|---|---|---|
| 001 | RU\NLR\bibl\1828562 | ||
| 005 | 20260407050925.0 | ||
| 010 |
_a978-5-93876-110-0 _91000 |
||
| 021 |
_aRU _b2011-79325 _95651 |
||
| 035 | _a(NLR Aleph) 001819077 | ||
| 090 |
_a1979817 _c1979817 |
||
| 100 | _a20111102d2011 |||y0rusy50 ca | ||
| 101 | 0 |
_arus _aeng |
|
| 102 | _aRU | ||
| 105 | _ay ||||||||| | ||
| 200 | 1 |
_aУпрощение процедур торговли: англо-русский глоссарий терминов _dTrade facilitation terms: an english - russian glossary _fЕвроп. экон. комис. ООН, Комис. тамож. союза в сотрудничестве с Торг.-пром. палатой Рос. Федерации _zeng |
|
| 205 | _a2-е изд. | ||
| 210 |
_aМосква [и др.] _cСофтИздат _d2011 |
||
| 215 |
_a285, [1] с. _d21 |
||
| 510 | 1 |
_aTrade facilitation terms: an english - russian glossary _zeng |
|
| 606 | 1 |
_aАнглийский язык _xТерминология коммерческая _xСловари _xРусский язык _9969141 _3RU\NLR\auth\6644334 |
|
| 606 | 1 |
_aТорговля _jТерминологические словари _9906647 _3RU\NLR\auth\6610658 |
|
| 686 | _aШ143.21-434.1 | ||
| 686 | _aШ143.21-434.3 | ||
| 686 | _aШ141.12-434.2 | ||
| 686 | _aУ42(0)1я212 | ||
| 712 | 0 | 2 |
_4570 _aООН _bЕвропейская экономическая комиссия _3RU\NLR\AUTH\8810020098 _9538214 |
| 801 | 0 |
_aRU _bNLR _c20111102 _gRCR |
|
| 801 | 1 |
_aRU _bNLR _c20111102 |
|
| 942 | _cBOOK | ||
| 980 | _aNB | ||
| 980 | _aNBR | ||